000 00708nam a2200253Ia 4500
003 OSt
005 20220928123917.0
006 a|||||r|||| 00| 0
007 ta
008 220927b |||||||| |||| 00| 0 eng d
024 _a72449
037 _cTextual
040 _aSDCL
_cSDCL
_beng
041 _2eng
_aeng
082 _aP0bY, P2
100 _aStockwell Peter
245 0 _aSociolinguistics
_b A resource book for students .
260 _aLondon
_bRoutledge
_c2002
300 _axv,213p
_ccm.
490 _aRoutledge English language introductions.
650 _aLinguistics And Sociology
_9462150
942 _hP0bY, P2
_cTEXL
_2CC
999 _c775154
_d775154